Уникальные геологические объекты Томской области: учебное пособие
| Main Author: | |
|---|---|
| Corporate Author: | |
| Summary: | Заглавие с титульного экрана Электронная версия печатной публикации Пособие служит путеводителем по наиболее интересным геологическим объектам Томской области. Все фотографии, кроме особо отмеченных, являются авторскими. Окаменелости, представленные на фотографиях, - это оригинальные находки автора, студентов и школьников. Все они хранятся в Горном корпусе ТПУ. Предназначено для студентов геологических специальностей, обучающихся по направлению 21.05.02 «Прикладная геология» и проходящих учебную геологическую практику в окрестностях г. Томска, юных геологов, а также широкого круга читателей. Режим доступа: из корпоративной сети ТПУ |
| Language: | Russian |
| Published: |
Томск, Изд-во ТПУ, 2020
|
| Subjects: | |
| Online Access: | https://www.lib.tpu.ru/fulltext2/m/2020/m078.pdf |
| Format: | MixedMaterials Electronic Book |
| KOHA link: | https://koha.lib.tpu.ru/cgi-bin/koha/opac-detail.pl?biblionumber=345543 |
MARC
| LEADER | 00000nlm0a2200000 4500 | ||
|---|---|---|---|
| 001 | 345543 | ||
| 005 | 20240207110123.0 | ||
| 035 | |a (RuTPU)RU\TPU\book\377392 | ||
| 035 | |a RU\TPU\book\327313 | ||
| 090 | |a 345543 | ||
| 100 | |a 20210122d2020 m y0rusy50 ca | ||
| 101 | 0 | |a rus | |
| 102 | |a RU | ||
| 105 | |a a j 001zy | ||
| 135 | |a drcn ---uucaa | ||
| 181 | 0 | |a i | |
| 182 | 0 | |a b | |
| 200 | 1 | |a Уникальные геологические объекты Томской области |e учебное пособие |f И. В. Рычкова |g Национальный исследовательский Томский политехнический университет, Инженерная школа природных ресурсов | |
| 203 | |a Текст |c электронный | ||
| 210 | |a Томск |c Изд-во ТПУ |d 2020 | ||
| 300 | |a Заглавие с титульного экрана | ||
| 300 | |a Электронная версия печатной публикации | ||
| 330 | |a Пособие служит путеводителем по наиболее интересным геологическим объектам Томской области. Все фотографии, кроме особо отмеченных, являются авторскими. Окаменелости, представленные на фотографиях, - это оригинальные находки автора, студентов и школьников. Все они хранятся в Горном корпусе ТПУ. Предназначено для студентов геологических специальностей, обучающихся по направлению 21.05.02 «Прикладная геология» и проходящих учебную геологическую практику в окрестностях г. Томска, юных геологов, а также широкого круга читателей. | ||
| 333 | |a Режим доступа: из корпоративной сети ТПУ | ||
| 606 | 1 | |a Геология |y Томская область |2 stltpush |3 (RuTPU)RU\TPU\subj\68832 |9 83953 | |
| 610 | 1 | |a электронный ресурс | |
| 610 | 1 | |a учебные пособия | |
| 610 | 1 | |a труды учёных ТПУ | |
| 610 | 1 | |a геологическое строение | |
| 610 | 1 | |a геологические объекты | |
| 610 | 1 | |a Лагерный сад | |
| 610 | 1 | |a Аникинские скалы | |
| 610 | 1 | |a Синий Утёс | |
| 610 | 1 | |a Ларинский ландшафтный заказник | |
| 610 | 1 | |a Таловские чаши | |
| 610 | 1 | |a Каспаранский Яр | |
| 610 | 1 | |a Васюганское болото | |
| 675 | |a 55(571.16) |v 3 | ||
| 700 | 1 | |a Рычкова |b И. В. |c геолог |c доцент Томского политехнического университета, инженер, кандидат геолого-минералогических наук |f 1967- |g Ирина Владимировна |3 (RuTPU)RU\TPU\pers\24801 |9 11016 | |
| 712 | 0 | 2 | |a Национальный исследовательский Томский политехнический университет |b Инженерная школа природных ресурсов |c (2017- ) |3 (RuTPU)RU\TPU\col\23377 |
| 801 | 1 | |a RU |b 63413507 |c 20131224 | |
| 801 | 2 | |a RU |b 63413507 |c 20211029 |g RCR | |
| 856 | 4 | |u https://www.lib.tpu.ru/fulltext2/m/2020/m078.pdf | |
| 942 | |c CF | ||